00517nam a22001577a 4500003000400000005001700004008004100021020001600062050002700078100002300105245010100128260005100229300002100280521000900301650004900310OSt20140310183105.0130304t xxu||||| |||| 00| 0 eng d a97110861514 aKPM 856.A9b.H281 2001 aHarina, Ricardo M. aBusiness law : bcomprehensive daily review and self-test for CPA reviewees /cRicardo M. Harina aMandaluyong City :bNational Bookstore,c2001. a174 p. :c26 cm. aBSBA aBusiness lawvexaminations, questions, etc.